| 000 -LEADER |
| fixed length control field |
01083nam a2200241Ia 4500 |
| 001 - CONTROL NUMBER |
| control field |
17249 |
| 003 - CONTROL NUMBER IDENTIFIER |
| control field |
GE_BSU |
| 008 - FIXED-LENGTH DATA ELEMENTS--GENERAL INFORMATION |
| fixed length control field |
181216s||||||||xx |||||||||||||| ||und|| |
| 020 ## - INTERNATIONAL STANDARD BOOK NUMBER |
| International Standard Book Number |
978-9941-458-18-7 |
| 040 ## - CATALOGING SOURCE |
| Transcribing agency |
GE_BSU |
| 080 ## - UNIVERSAL DECIMAL CLASSIFICATION NUMBER |
| Universal Decimal Classification number |
338(479.22) |
| 100 ## - MAIN ENTRY--PERSONAL NAME |
| Personal name |
პაპავა, ვ. (ვლადიმერ) |
| 245 ## - TITLE STATEMENT |
| Title |
საქართველოს ეკონომიკა: |
| 245 ## - TITLE STATEMENT |
| Statement of responsibility, etc. |
ვლადიმერ (ლადო) პაპავა, თამარ თაფლაძის და არჩილ გეგეშიძის მონაწილეობით |
| 260 ## - PUBLICATION, DISTRIBUTION, ETC. |
| Place of publication, distribution, etc. |
თბილისი |
| 260 ## - PUBLICATION, DISTRIBUTION, ETC. |
| Name of publisher, distributor, etc. |
ინტელექტი |
| 260 ## - PUBLICATION, DISTRIBUTION, ETC. |
| Date of publication, distribution, etc. |
2015 |
| 300 ## - PHYSICAL DESCRIPTION |
| Extent |
240 გვ. ; 21 სმ.. |
| 300 ## - PHYSICAL DESCRIPTION |
| Accompanying material |
ბიბლიოგრ.: გვ. 236-238. |
| 653 ## - INDEX TERM--UNCONTROLLED |
| Uncontrolled term |
რეფორმები და პსევდორეფორმები. |
| 653 ## - INDEX TERM--UNCONTROLLED |
| Uncontrolled term |
საქართველოს ეკონომიკა; ეკონომიკური რეფორმები საქართველოში; |
| 942 ## - ADDED ENTRY ELEMENTS (KOHA) |
| Koha item type |
წიგნი |